| Tag |
First Indicator |
Second Indicator |
Subfields |
| LEADER |
00000cam a2200000 4500 |
| 001 |
in00000031469 |
| 005 |
20151007061706.0 |
| 008 |
750909s1947 nyu 00001 eng |
| 010 |
|
|
|a 47011232
|
| 035 |
|
|
|a (OCoLC)01612465
|
| 035 |
|
|
|9 AAD2786AM
|
| 040 |
|
|
|a DLC
|c DZM
|d TXA
|d UtOrBLW
|
| 049 |
|
|
|a TXAM
|c [148737]
|
| 050 |
0 |
0 |
|a PZ3.P5574
|b Th
|
| 090 |
|
|
|a PS3535.O242
|b T34 1947
|
| 092 |
|
|
|a 813
|b R658t
|
| 100 |
1 |
|
|a Robinson, Charles Lee.
|
| 245 |
1 |
0 |
|a Thirst :
|b a novel /
|c Charles Lee Robinson.
|
| 264 |
|
1 |
|a New York :
|b J. Day Co.,
|c [1947]
|
| 264 |
|
4 |
|c ©1947
|
| 300 |
|
|
|a 207 pages :
|b 21 cm.
|
| 336 |
|
|
|a text
|b txt
|2 rdacontent
|
| 337 |
|
|
|a unmediated
|b n
|2 rdamedia
|
| 338 |
|
|
|a volume
|b nc
|2 rdacarrier
|
| 500 |
|
|
|a "Winner of the John Day foreign service book contest."--Dust jacket.
|
| 999 |
|
|
|a MARS
|
| 999 |
f |
f |
|s 19e7fd7d-c51d-376a-b4a1-451df3248204
|i 748921cc-bc3c-3260-8264-36bbc4e33c54
|t 0
|
| 952 |
f |
f |
|p ric
|a Texas A&M University
|b Rellis Campus
|c Joint Library Facility
|d Remote Storage
|t 0
|e PS3535.O242 T34 1947
|h Library of Congress classification
|i unmediated -- volume
|m A14801249133
|
| 998 |
f |
f |
|a PS3535.O242 T34 1947
|t 0
|l Remote Storage
|